<?xml version="1.0" encoding="UTF-8"?>
<record
    xmlns:xsi="http://www.w3.org/2001/XMLSchema-instance"
    xsi:schemaLocation="http://www.loc.gov/MARC21/slim http://www.loc.gov/standards/marcxml/schema/MARC21slim.xsd"
    xmlns="http://www.loc.gov/MARC21/slim">

  <leader>00937nam a22002177a 4500</leader>
  <controlfield tag="003">LK-CoMWRAF</controlfield>
  <controlfield tag="005">20240605130639.0</controlfield>
  <controlfield tag="008">240331b1997    |||||||| |||| 00| 0 eng d</controlfield>
  <datafield tag="040" ind1=" " ind2=" ">
    <subfield code="a">LK-CoMWRAF</subfield>
    <subfield code="d">LK-CoMWRAF</subfield>
    <subfield code="e">LK-CoMWRAF</subfield>
  </datafield>
  <datafield tag="041" ind1=" " ind2=" ">
    <subfield code="a">tam</subfield>
  </datafield>
  <datafield tag="082" ind1=" " ind2=" ">
    <subfield code="a">370.092</subfield>
    <subfield code="b">JAM</subfield>
  </datafield>
  <datafield tag="100" ind1=" " ind2=" ">
    <subfield code="a">&#xB9C;&#xBC6;&#xBAE;&#xBC0;&#xBB2;&#xBCD;, &#xB8E;&#xBB8;&#xBCD;.&#xB8E;&#xB9A;&#xBCD;.&#xB8E;&#xBAE;&#xBCD;.</subfield>
    <subfield code="v">Jameel, S.H.M.</subfield>
  </datafield>
  <datafield tag="245" ind1=" " ind2=" ">
    <subfield code="a">&#xB95;&#xBB2;&#xBBE;&#xBA8;&#xBBF;&#xBA4;&#xBBF; &#xBAA;&#xBA4;&#xBBF;&#xBAF;&#xBC1;&#xBA4;&#xBCD;&#xBA4;&#xBC0;&#xBA9;&#xBCD; &#xBAE;&#xBB9;&#xBCD;&#xBAE;&#xBC2;&#xBA4;&#xBBF;&#xBA9;&#xBCD; &#xB95;&#xBB2;&#xBCD;&#xBB2;&#xBBF;&#xBAA;&#xBCD; &#xBAA;&#xBA3;&#xBBF;&#xB95;&#xBB3;&#xBCD;</subfield>
  </datafield>
  <datafield tag="246" ind1=" " ind2=" ">
    <subfield code="a">Kal&#x101;niti patiyutt&#x12B;&#x1E49; mahm&#x16B;ti&#x1E49; kallip pa&#x1E47;ika&#x1E37;</subfield>
  </datafield>
  <datafield tag="260" ind1=" " ind2=" ">
    <subfield code="a">Sainthamaruthu:</subfield>
    <subfield code="b">Islamic Book Publication Bureau,</subfield>
    <subfield code="c">1997</subfield>
  </datafield>
  <datafield tag="300" ind1=" " ind2=" ">
    <subfield code="a">44 p.</subfield>
  </datafield>
  <datafield tag="490" ind1=" " ind2=" ">
    <subfield code="a">&#xB87;&#xBB8;&#xBCD;&#xBB2;&#xBBE;&#xBAE;&#xBBF;&#xBAF; &#xBA8;&#xBC2;&#xBB2;&#xBCD; &#xBB5;&#xBC6;&#xBB3;&#xBBF;&#xBAF;&#xBC0;&#xB9F;&#xBCD;&#xB9F;&#xBC1;&#xBAA;&#xBCD; &#xBAA;&#xBA3;&#xBBF;&#xBAF;&#xB95;&#xBAE;&#xBCD; &#xBB5;&#xBC6;&#xBB3;&#xBBF;&#xBAF;&#xBC0;&#xB9F;&#xBC1;</subfield>
    <subfield code="v">18</subfield>
  </datafield>
  <datafield tag="650" ind1=" " ind2=" ">
    <subfield code="a">EDUCATIONAL CONTRIBUTIONS-politicians-Sri Lanka</subfield>
  </datafield>
  <datafield tag="856" ind1=" " ind2=" ">
    <subfield code="u">https://noolaham.net/project/149/14817/14817.pdf</subfield>
  </datafield>
  <datafield tag="942" ind1=" " ind2=" ">
    <subfield code="c">BK</subfield>
  </datafield>
  <datafield tag="952" ind1=" " ind2=" ">
    <subfield code="0">0</subfield>
    <subfield code="1">0</subfield>
    <subfield code="4">0</subfield>
    <subfield code="7">0</subfield>
    <subfield code="a">MAIN</subfield>
    <subfield code="b">MAIN</subfield>
    <subfield code="d">2024-03-31</subfield>
    <subfield code="l">0</subfield>
    <subfield code="o">370.092 JAM</subfield>
    <subfield code="p">RAF5235</subfield>
    <subfield code="r">2024-03-31</subfield>
    <subfield code="w">2024-03-31</subfield>
    <subfield code="y">BK</subfield>
  </datafield>
  <datafield tag="999" ind1=" " ind2=" ">
    <subfield code="c">4880</subfield>
    <subfield code="d">4880</subfield>
  </datafield>
</record>
